Physiotherapy in paediatrics / (رقم التسجيلة. 42696)

تفاصيل مارك
000 -الفاتح
حقل البيانات ثابتة الطول 00992pam a2200277 a 4500
003 - محدد رقم الضبط
رقم الضبط OSt
005 - وقت وتاريخ اخر تعامل مع التسجيلة
رقم الضبط 20180904180505.0
008 - عناصر البيانات ثابتة الطول - معلومات عامة
حقل البيانات ثابتة الطول 940125s1995 enka b 001 0 eng c
020 ## - الرقم الدولى المعيارى للكتب
الرقم الدولى المعيارى للكتاب 0750606207
020 ## - الرقم الدولى المعيارى للكتب
الرقم الدولى المعيارى للكتاب 9780750606202
040 ## - مصدر الفهرسة
وكالة الفهرسة الأصلية DNLM/DLC
وكالة النسخ DLC
وكالة التعديل DLC
لغة الفهرسة eng
050 00 - رقم طلب مكتبة الكونجرس
رقم التصنيف RJ53.P5
رقم المادة S48 1995
060 00 - رقم الطلب بالمكتبة الطبية الوطنية
رقم التصنيف WB 460 S548p 1994
082 00 - رقم تصنيف ديوى العشرى
رقم التصنيف 615.82
رقم الطبعة 22
رقم المادة SRP
100 1# - المدخل الرئيسى - إسم شخصى
الإسم الشخصى Shepherd, Roberta B.
9 (RLIN) 38636
245 10 - بيان العنوان
العنوان Physiotherapy in paediatrics /
بيان المسئوليه,etc Roberta B. Shepherd.
250 ## - بيان الطبعة
بيان الطبعة 3rd ed.
260 ## - PUBLICATION, DISTRIBUTION, ETC. (IMPRINT)
مكان الناشر او الموزع Oxford ;
-- Boston :
اسم الناشر او الموزع Butterworth Heinemann,
تاريخ النشر أو التوزيع 1995.
300 ## - الوصف المادى
التعداد x, 420 p. :
تفاصيل ماديه اخرى للوعاء ill. ;
أبعاد الوعاء 25 cm.
504 ## - تبصرة ببليوجرافية
تبصرة ببليوجرافية,الخ Includes bibliographical references and index.
650 #0 - المدخل الاضافى بالموضوع-مصطلح موضوعى
مصطلح موضوعي أو اسم جغرافي كعنصر مدخل Physical therapy for children.
9 (RLIN) 64835
650 #2 - المدخل الاضافى بالموضوع-مصطلح موضوعى
مصطلح موضوعي أو اسم جغرافي كعنصر مدخل Physical Therapy
التقسيم الفرعي العام in infancy & childhood.
9 (RLIN) 64626
942 ## - عناصر المدخل الإضافي( كوها)
Koha [default] item type كتاب
906 ## - عنصر بيانات محلى F, LDF (RLIN)
a 7
b cbc
c orignew
d 1
e ocip
f 19
g y-gencatlg
المقتنيات
حالة الفقد نموذج السعر الفعال حالة تلف ليس للاعارة رقم الطلب تاريخ الاكتساب الموقع الحالي الباركود الفرع الرئيسي Date last seen نوع المادة فى نظام كوها مصدر التصنيف او خطة الترفيف Total Checkouts
  2018-08-29     615.82 SRP 2018-08-29 المكتبة المركزية بالمجمعة (CL) 00657571 المكتبة المركزية بالمجمعة (CL) 2018-08-29 كتاب Dewey Decimal Classification  
  2018-08-29     615.82 SRP 2018-08-29 المكتبة المركزية بالمجمعة (CL) 00657572 المكتبة المركزية بالمجمعة (CL) 2018-08-29 كتاب Dewey Decimal Classification  
  2018-08-29     615.82 SRP 2018-08-29 المكتبة المركزية بالمجمعة (CL) 00657573 المكتبة المركزية بالمجمعة (CL) 2018-08-29 كتاب Dewey Decimal Classification  
  2018-09-04     615.82 SRP 2018-09-04 مكتبة كلية العلوم الطبية التطبيقية بالمجمعة - طالبات (AMF) 00657749 مكتبة كلية العلوم الطبية التطبيقية بالمجمعة - طالبات (AMF) 2018-09-04 كتاب Dewey Decimal Classification  
  2018-09-04     615.82 SRP 2018-09-04 مكتبة كلية العلوم الطبية التطبيقية بالمجمعة - طالبات (AMF) 00657750 مكتبة كلية العلوم الطبية التطبيقية بالمجمعة - طالبات (AMF) 2018-09-04 كتاب Dewey Decimal Classification